|
|
|
|
| LEADER |
00000naa2a2200000 4500 |
| 001 |
627312 |
| 005 |
20231101133444.0 |
| 035 |
|
|
|a (RuTPU)RU\TPU\conf\27095
|
| 035 |
|
|
|a RU\TPU\conf\27094
|
| 090 |
|
|
|a 627312
|
| 100 |
|
|
|a 20180829d2018 k y0rusy50 ca
|
| 101 |
0 |
|
|a rus
|
| 102 |
|
|
|a RU
|
| 105 |
|
|
|a y z 101zy
|
| 135 |
|
|
|a drgn ---uucaa
|
| 181 |
|
0 |
|a i
|
| 182 |
|
0 |
|a b
|
| 200 |
1 |
|
|a Многоуровневая пористая керамика на основе гидроксида алюминия и диоксида циркония
|f А. Д. Абдыкеримов, Р. В. Левков
|g науч. рук. С. Н. Кульков
|
| 203 |
|
|
|a Текст
|c электронный
|
| 225 |
1 |
|
|a Материалы для медицины и экологии
|
| 230 |
|
|
|a 1 компьютерный файл (pdf; 153 Kb)
|
| 300 |
|
|
|a Заглавие с экрана
|
| 320 |
|
|
|a [Библиогр.: с. 46 (1 назв.)]
|
| 463 |
|
0 |
|0 (RuTPU)RU\TPU\conf\26927
|t Функциональные материалы: разработка, исследование, применение
|o сборник тезисов докладов V Всероссийского конкурса научных докладов студентов, г. Томск, г. Тамбов, 22-23 мая 2018 г.
|f Национальный исследовательский Томский политехнический университет (ТПУ) ; Национальный исследовательский Томский государственный университет (ТГУ) ; Тамбовский государственный университет имени Г. Р. Державина ; ред. кол. А. Ю. Годымчук, Н. И. Каракчеева, А. А. Гусев
|v [С. 46]
|d 2018
|
| 610 |
1 |
|
|a электронный ресурс
|
| 610 |
1 |
|
|a труды учёных ТПУ
|
| 610 |
1 |
|
|a пористая керамика
|
| 610 |
1 |
|
|a гидроксид алюминия
|
| 610 |
1 |
|
|a диоксид циркония
|
| 610 |
1 |
|
|a порошки
|
| 610 |
1 |
|
|a механическая активация
|
| 610 |
1 |
|
|a керамические фильтры
|
| 610 |
1 |
|
|a керамические композиты
|
| 700 |
|
1 |
|a Абдыкеримов
|b А. Д.
|
| 701 |
|
1 |
|a Левков
|b Р. В.
|
| 702 |
|
1 |
|a Кульков
|b С. Н.
|c специалист в области материаловедения
|c профессор Томского политехнического университета, доктор физико-математических наук
|f 1952-
|g Сергей Николаевич
|2 stltpush
|4 727
|
| 712 |
0 |
2 |
|a Национальный исследовательский Томский политехнический университет
|b Инженерная школа новых производственных технологий
|b Отделение материаловедения
|h 7871
|2 stltpush
|3 (RuTPU)RU\TPU\col\23508
|
| 712 |
0 |
2 |
|a Национальный исследовательский Томский государственный университет (ТГУ)
|c (2009- )
|2 stltpush
|3 (RuTPU)RU\TPU\col\17230
|
| 712 |
0 |
2 |
|a Российская академия наук (РАН)
|b Сибирское отделение (СО)
|b Институт физики прочности и материаловедения (ИФПМ)
|c (Томск)
|2 stltpush
|3 (RuTPU)RU\TPU\col\265
|
| 801 |
|
2 |
|a RU
|b 63413507
|c 20180904
|g RCR
|
| 856 |
4 |
|
|u http://earchive.tpu.ru/handle/11683/50397
|
| 942 |
|
|
|c BK
|